LDR 00796naa#a2200229#i#450# 001 EN\\bibl\124623 005 20260630094545.2 011 ## _a2077-7566 100 ## _a20260629b2026####ek#y0engy0150####ca 101 0# _aRUS 102 ## _aRU 200 1# _aTHE LEVEL OF MATRIX METALLOPROTEINASES IN INFLAMMATORY PERIODONTAL DISEASES (Experimental Study) _eJournal article 210 1# _aEkaterinburg _cTIRAZH Publishing House _d2026 215 ## _a7 с. 608 ## _aJournal article _2local 675 ## _aСтоматология. Заболевания ротовой полости и зубов. 616.31 _zRUS 700 #1 _aPopov _gVyacheslav Anatol'evich 700 #1 _aKisel'nikova _gLarisa P. 700 #1 _aShagrov _gLeonid L. 700 #1 _aZvezdina _gYulia M. 700 #1 _aPopova _gDaria A. 856 4# _adental-press.ru _u